LIBRARY & INFORMATION CENTRE, KCAET, TAVANUR

ONLINE PUBLIC ACCESS CATALOGUE (OPAC)

Skillful driver / (Record no. 4600)

MARC details
000 -LEADER
fixed length control field 00348cam a2200145ua 4500
041 ## - LANGUAGE CODE
Language code of text/sound track or separate title eng
082 ## - DEWEY DECIMAL CLASSIFICATION NUMBER
Classification number 629.28
Item number BLA/SK
100 ## - MAIN ENTRY--AUTHOR NAME
Personal name Blair, J.S .
245 ## - TITLE STATEMENT
Title Skillful driver /
260 ## - PUBLICATION, DISTRIBUTION, ETC. (IMPRINT)
Place of publication London :
Name of publisher Temple press limited ,
Year of publication 1956.
300 ## - PHYSICAL DESCRIPTION
Number of Pages 166 ; .
942 ## - ADDED ENTRY ELEMENTS (KOHA)
Koha item type Books
Holdings
Withdrawn status Lost status Damaged status Home library Current library Date acquired Full call number Accession Number Koha item type
      KAUAET KAUAET 07/04/2012 629.28 3588 Books
free website counter